| 000 | 01168nam a2200277 a 4500 | ||
|---|---|---|---|
| 003 | BLK | ||
| 005 | 20241030121359.0 | ||
| 008 | 180409b bul|||||r ||||||| ||bul|| | ||
| 020 | _a9789547714618 | ||
| 040 | _aBLK | ||
| 041 |
_aBUL _cBUL |
||
| 080 |
_aАмериканска литература (на САЩ) _b821.111(73) _x-31 _z821.111(73)-31 |
||
| 084 | _aГ 69 | ||
| 100 |
_aГорохова, Елена _9484304 |
||
| 245 | 1 | 0 |
_aМосква не е последната гара _cЕлена Горохова; прев. от англ. Ирина Иванова. |
| 257 | _aUSA | ||
| 260 |
_aСофия _bКръгозор _c2022 _fДобрич : ФОЛИАРТ |
||
| 300 |
_a319 с. _c21 см |
||
| 380 | _aX | ||
| 500 | _aОриг. загл. A train to Moscow / Elena Gorokhova. - Биогр. данни за авт. отбелязани на гърба на кор. | ||
| 700 |
_aИванова, Ирина Иванова _eпрев. от англ. _91021 |
||
| 852 |
_aЦб 322854 _bЦб |
||
| 942 |
_cKNG _n0 _s1 _03 |
||
| 944 |
_c2022-12-05 _k30529 _lДиана Гривева |
||
| 999 |
_c483993 _d483993 |
||